000 00650nam a2200169 a 4500
005 20140412111339.0
008 041012s19uu xx 00 eng d
020 _a0-7445-7837-x
050 _aER
_bJu98 1996
100 _aMcBratney, Sam
245 _aJust One! /
_cSam McBratney.
260 _aHongkong :
_bWalker,
_c1996.
300 _aunp.
520 _aLittle Digger is left in charge of a big pile of blackberries, while old and grey goes to fetch something to put them in. "Don't eat too many," the old squirrel says. But when some unexpected visitors come by, too many soon become very few!
650 _aChildren stories
999 _c105083
_d105083